Video production handbook (Record no. 3944)

MARC details
000 -LEADER
fixed length control field 00382nam a22001577a 4500
008 - FIXED-LENGTH DATA ELEMENTS--GENERAL INFORMATION
fixed length control field 250623b |||||||| |||| 00| 0 eng d
020 ## - INTERNATIONAL STANDARD BOOK NUMBER
ISBN 0240515978
100 ## - MAIN ENTRY--AUTHOR
Author Millerson, Gerald
245 ## - TITLE STATEMENT
Title Video production handbook
250 ## - EDITION STATEMENT
Edition statement 3rd
260 ## - PUBLICATION, DISTRIBUTION, ETC. (IMPRINT)
Place of publication Oxford
Name of publisher Elsevier Ltd
Date of publication 2001
300 ## - COLLATION
Pagination 297p
650 ## - TRACINGS
Main Subject Video recording
942 ## - ADDED ENTRY ELEMENTS (KOHA)
Item type Books
050 ## - LIBRARY OF CONGRESS CALL NUMBER
Classification number TK 6655.V5
Item number .M55
Holdings
Source of classification or shelving scheme Not for loan Permanent location Current location Date acquired Accession No. Full call number Barcode. Koha item type
Library of Congress Classification   Samuel Ogbemudia Main Library, University of Abuja Samuel Ogbemudia Main Library, University of Abuja 06/23/2025 2024/62276 TK 6655.V5 .M55 2025-2645 Books